| 000 | 02342nam a2200457 i 4500 | ||
|---|---|---|---|
| 001 | ocm07977825 | ||
| 003 | OCoLC | ||
| 005 | 20230509121144.0 | ||
| 008 | 811106t1982 maua f b 001 0 eng d | ||
| 020 | _a9780262680431 | ||
| 035 | _a(OCoLC)ocm07977825 | ||
| 035 | _a(OCoLC)7977825 | ||
| 040 |
_aDLC _beng _erda _cDLC _dMUQ _dNLGGC _dXTL _dYDXCP _dEDX _dLGG _dNIALS _dAU@ _dBDX _dOCLCF _dIG# _dOCLCQ _dOCLCA _dOCLCQ _dIAH _dOCLCQ _dNLC _dCSJ _dDHA _dOCLCQ _dCSA _dOCLCQ _dTYC _dOCLCQ _dCNO _dOCLCA _dCEF _dTKN _dCSO _dPAU _dFQG _dCPS _dSPP _dOCLCQ _dCPO _dNAM _dBUB _dSNN _dNJR _dINT _dJDP _dOCLCQ _dCUY _dQE2 _dIUL _dOL$ _dBGU _dS4S _dJG0 _dZ5U _dWYU _dDXU _dUWO _dLVT _dYOU _dNZ1 _dDCHUA _dHUELT _dOCLCQ _dEZC _dOCLCQ _dLENOT _dW2U _dDKC _dCSE _dFDU _dM8D _dTJC _dOCLCQ _dOCLCO _dCDS _dOCLCQ _dUKBTH _dOCLCQ _dRIOSL _dVVB _dZNC _dZAQ _dOCLCO _dOCL _dEG-ScBUE |
||
| 041 | 1 |
_aeng _hita |
|
| 082 | 0 | 0 |
_a711.4 _222 _bROS |
| 100 | 1 |
_aRossi, Aldo, _d1931-1997, _eauthor. |
|
| 240 | 1 | 0 |
_aArchitettura della città . _lEnglish |
| 245 | 1 | 4 |
_aThe architecture of the city / _cAldo Rossi ; introduction by Peter Eisenman ; translation by Diane Ghirardo and Joan Ockman ; revised for the American edition by Aldo Rossi and Peter Eisenman. |
| 250 | _a[American edition] | ||
| 264 | 1 |
_aCambridge, Mass. : _bMIT Press, _c[1982] |
|
| 264 | 4 | _cc1982 | |
| 300 |
_a201 pages, 1 unnumbered page : _billustrations ; _c26 cm. |
||
| 336 |
_atext _btxt _2rdacontent |
||
| 337 |
_aunmediated _bn _2rdamedia |
||
| 338 |
_avolume _bnc _2rdacarrier |
||
| 490 | 1 | _aOppositions books | |
| 500 | _a"Published for the Graham Foundation for Advanced Studies in the Fine Arts, Chicago, Illinois, and the Institute for Architecture and Urban Studies, New York, New York." | ||
| 500 | _aErrata slip inserted. | ||
| 504 | _aIncludes bibliographical references and index. | ||
| 546 | _aText in English ; translated from the original Italian. | ||
| 650 | 7 |
_aCity planning. _2BUEsh |
|
| 650 | 7 |
_aArchitecture. _2BUEsh |
|
| 650 | 7 |
_aCity planning _zItaly _xHistory. _2BUEsh |
|
| 650 | 7 |
_aArchitecture _zItaly. _2BUEsh |
|
| 650 | 7 |
_aArchitecture, Modern. _2BUEsh |
|
| 655 | _vReading book | ||
| 700 | 1 |
_aEisenman, Peter, _d1932- _ewriter of introduction. |
|
| 710 | 2 |
_aGraham Foundation for Advanced Studies in the Fine Arts, _esponsoring body. |
|
| 710 | 2 |
_aInstitute for Architecture and Urban Studies, _esponsoring body. |
|
| 942 |
_2ddc _cBB |
||
| 999 |
_c30319 _d30290 |
||